| 000 | 00000nam##2200000za#4500 |
| 001 | 9.647529 |
| 003 | CaOODSP |
| 005 | 20210615112645 |
| 007 | ta |
| 008 | 150407|2000||||xxc||||| f|0| 0 eng|d |
| 020 | |z0-660-17957-1 |
| 040 | |aCaOODSP|beng |
| 043 | |an-cn--- |
| 086 | 1 |aX9-2/5-1999E |
| 110 | 1 |aCanada. |bParliament. |bHouse of Commons. |
| 245 | 10|aHouse of Commons procedure and practice / |cby Robert Marleau and Camille Montpetit. |
| 260 | |aOttawa - Ontario : |bHouse of Commons |c2000. |
| 300 | |ali, 1152p. : |billus., references, tables ; |c24 cm. |
| 500 | |aContents: Parliamentary institutions.--Parliament and Ministries.--Privileges and immunities.--The House of Commons and its members.--Parliamentary procedure.--The physical and administrative setting.--The speaker and other presiding officers of the House.--The parliamentary cycle.--Sittings of the House.--The daily program.--Questions.--The process of debate.--Rules of order and decorum.--The curtailment of debate.--Special debates.--The legislative process.--Delegated legislation.--Financial procedures.--Committees of the whole House.--Committees.--Private members' business.--Public petitions.--Private bills practice.--The parliamentary record. |
| 563 | |aHardcover |
| 590 | |a00-08|b2000-02-25 |
| 690 | 07|aHouse of Commons|2gcpds |
| 690 | 07|aParliamentary procedure|2gcpds |
| 720 | 1 |aMarleau, Robert |
| 720 | 1 |aMontpetit, Camille |
| 775 | 08|tLa procédure et les usages de la Chambre des communes / |w(CaOODSP)9.680946 |